Risk Management in construction (Record no. 553654)

000 -LEADER
fixed length control field 00330nam a22001217a 4500
082 ## - DEWEY DECIMAL CLASSIFICATION NUMBER
Classification number CP-27
100 ## - MAIN ENTRY--PERSONAL NAME
Personal name Lt Col Mughees Aslam
9 (RLIN) 50908
245 ## - TITLE STATEMENT
Title Risk Management in construction
Remainder of title Course pack
Statement of responsibility, etc. Lt Col Mughees Aslam
260 ## - PUBLICATION, DISTRIBUTION, ETC.
Place of publication, distribution, etc. Risalpur,
Name of publisher, distributor, etc. MCE,
Date of publication, distribution, etc. 2015.
500 ## - GENERAL NOTE
General note MS-CEM-3
526 ## - STUDY PROGRAM INFORMATION NOTE
Program name 0
Interest level 0
Reading level 0
Title point value CP_27
942 ## - ADDED ENTRY ELEMENTS (KOHA)
Source of classification or shelving scheme
Koha item type Book Bank
Holdings
Withdrawn status Lost status Source of classification or shelving scheme Damaged status Not for loan Permanent Location Current Location Date acquired Total Checkouts Full call number Barcode Date last seen Date last checked out Price effective from Koha item type
          Military College of Engineering (MCE) Military College of Engineering (MCE) 02/22/2016 1 CP-27 MCE-CP-27 08/16/2016 08/10/2016 02/22/2016 Book Bank
© 2023 Central Library, National University of Sciences and Technology. All Rights Reserved.